Normal view
MARC view
Entry Personal Name
001 - CONTROL NUMBER
- control field: 17476
003 - CONTROL NUMBER IDENTIFIER
- control field: OSt
005 - DATE AND TIME OF LATEST TRANSACTION
- control field: 20230215094719.0
008 - FIXED-LENGTH DATA ELEMENTS
- fixed length control field: 230215|| aca||aabn | a|a d
040 ## - CATALOGING SOURCE
- Original cataloging agency: OSt
- Transcribing agency: OSt
100 ## - HEADING--PERSONAL NAME
- Personal name: ကောဝိဒ၊ အရှင်၊ လယ်တီ
670 ## - SOURCE DATA FOUND
- Source citation: Work cat.: (OSt): ကောဝိဒ၊ အရှင်၊ လယ်တီ, ပခုက္ကူမြို့သီဟိုဠ်ရှင်မြတ်စွာဘုရားကြီးသမိုင်း\, ၂၀၁၈